Southville International School and Colleges
Your cart is empty.
  • Cart
  • Lists
    Public lists Eva Luna New books Lux_list list_1
    Your lists Log in to create your own lists
  • Log in to your account
  • Your cookies
  • Search history
Southville International School and Colleges
  • Advanced search
  • Recent comments
  • Most popular
  • Libraries

Log in to your account

Log in with GOOGLE


If you do not have an external account, but do have a local account, you can still log in:

  1. Home
  2. MARC view: Textbook of forensic pharmacy :
Normal view MARC view ISBD view

Textbook of forensic pharmacy : (Record no. 13908)

[ view plain ]
MARC details
000 -LEADER
fixed length control field 00539nam a22001937a 4500
003 - CONTROL NUMBER IDENTIFIER
control field OSt
005 - DATE AND TIME OF LATEST TRANSACTION
control field 20140310182510.0
008 - FIXED-LENGTH DATA ELEMENTS--GENERAL INFORMATION
fixed length control field 130220t xxu||||| |||| 00| 0 eng d
020 ## - INTERNATIONAL STANDARD BOOK NUMBER
International Standard Book Number 8188449172
050 ## - LIBRARY OF CONGRESS CALL NUMBER
Classification number RA 1160
Item number .K79 2006
082 ## - DEWEY DECIMAL CLASSIFICATION NUMBER
Item number .K65 2008eb
100 ## - MAIN ENTRY--PERSONAL NAME
Personal name C.K. Kokate
9 (RLIN) 9009
245 ## - TITLE STATEMENT
Title Textbook of forensic pharmacy :
Statement of responsibility, etc C.K. Kokate, S.B. Gokhale.
260 ## - PUBLICATION, DISTRIBUTION, ETC. (IMPRINT)
Place of publication, distribution, etc Hyderabad [India] :
Name of publisher, distributor, etc PharmaMed Press,
Date of publication, distribution, etc c2006.
300 ## - PHYSICAL DESCRIPTION
Extent 190 p. :
Dimensions 24 cm.
650 ## - SUBJECT ADDED ENTRY--TOPICAL TERM
Topical term or geographic name as entry element Forensic pharmacy
9 (RLIN) 9010
942 ## - ADDED ENTRY ELEMENTS (KOHA)
Source of classification or shelving scheme Library of Congress Classification
Koha item type
Holdings
Withdrawn status Lost status Source of classification or shelving scheme Damaged status Home library Current library Shelving location Date acquired Total Checkouts Full call number Barcode Date last seen Copy number Price effective from Koha item type
    Library of Congress Classification   South SEED-LPDH College Library South SEED-LPDH College Library South SEED-LPDH College Section 08/08/2013   RA 1160 .K79 2006 SSLC1203 05/15/2018 1 08/08/2013 Books

Textbook of forensic pharmacy :

APA

C.K. Kokate, . (2006). Textbook of forensic pharmacy. Hyderabad [India]: PharmaMed Press.

Chicago

C.K. Kokate, . 2006. Textbook of forensic pharmacy. Hyderabad [India]: PharmaMed Press.

Harvard

C.K. Kokate, . (2006). Textbook of forensic pharmacy. Hyderabad [India]: PharmaMed Press.

MLA

C.K. Kokate, . Textbook of forensic pharmacy. Hyderabad [India]: PharmaMed Press. 2006.

  • Place hold
  • Print
  • Cite
  • Add to your cart (remove)
  • Save record
    BIBTEX Dublin Core MARCXML MARC (non-Unicode/MARC-8) MARC (Unicode/UTF-8) MARC (Unicode/UTF-8, Standard) MODS (XML) RIS
  • More searches
    Search for this title in:
    Other Libraries (WorldCat) Other Databases (Google Scholar) Online Stores (Bookfinder.com) Open Library (openlibrary.org)

Exporting to Dublin Core...

SOUTHVILLE LIBRARY

Southville International School and Colleges Library

1281 Tropical Ave. Cor. Luxembourg St., BF Homes International, Las Pinas City

Tel. No. 8256374 / 252358 Loc. 117/146

Powered by Koha